<?xml version="1.0" encoding="UTF-8"?><?xml-stylesheet type="text/xsl" href="static/style.xsl"?><OAI-PMH xmlns="http://www.openarchives.org/OAI/2.0/" xmlns:xsi="http://www.w3.org/2001/XMLSchema-instance" xsi:schemaLocation="http://www.openarchives.org/OAI/2.0/ http://www.openarchives.org/OAI/2.0/OAI-PMH.xsd"><responseDate>2026-04-18T06:06:36Z</responseDate><request verb="GetRecord" identifier="oai:www.recercat.cat:10256/21625" metadataPrefix="marc">https://recercat.cat/oai/request</request><GetRecord><record><header><identifier>oai:recercat.cat:10256/21625</identifier><datestamp>2024-06-06T08:09:38Z</datestamp><setSpec>com_2072_452966</setSpec><setSpec>com_2072_2054</setSpec><setSpec>col_2072_452969</setSpec></header><metadata><record xmlns="http://www.loc.gov/MARC21/slim" xmlns:dcterms="http://purl.org/dc/terms/" xmlns:xsi="http://www.w3.org/2001/XMLSchema-instance" xmlns:doc="http://www.lyncode.com/xoai" xsi:schemaLocation="http://www.loc.gov/MARC21/slim http://www.loc.gov/standards/marcxml/schema/MARC21slim.xsd">
   <leader>00925njm 22002777a 4500</leader>
   <datafield ind2=" " ind1=" " tag="042">
      <subfield code="a">dc</subfield>
   </datafield>
   <datafield ind2=" " ind1=" " tag="720">
      <subfield code="a">Neyra Flores, José Antonio</subfield>
      <subfield code="e">author</subfield>
   </datafield>
   <datafield ind2=" " ind1=" " tag="260">
      <subfield code="c">2022-04</subfield>
   </datafield>
   <datafield ind2=" " ind1=" " tag="520">
      <subfield code="a">En Perú, la declaración de menores de edad, presuntas víctimas de abuso sexual son&#xd;
pruebas anticipadas con entrevista por psicólogo forenses en Cámara Gesell que tamiza&#xd;
preguntas de las partes, presentando problemas de fiabilidad.&#xd;
Que parten por la carencia de psicólogos forenses, no existiendo psicólogos del&#xd;
testimonio ni Cámaras Gesell; la aplicación de dos protocolos emitidos por Ministerio&#xd;
Público 2016 cuando dirigía entrevista el Fiscal y del Poder Judicial 2019; además ambos&#xd;
requieren del aporte de la Psicología del testimonio; del deferencialismo de los jueces,&#xd;
fiscales y abogados defensores a las entrevistas sin comprobar su fiabilidad y con&#xd;
jurisprudencia que ya se refiere a ello, pero debe ser reforzada con la psicología del&#xd;
testimonio. Por estas razones, se propone que sean psicólogos del testimonio los que&#xd;
entrevisten a los menores en Cámara Gesell como prueba anticipada, que los actuales&#xd;
psicólogos tengan segunda especialidad de Psicología del testimonio; que se capacite en&#xd;
Psicología del testimonio a psicólogos, jueces, fiscales y abogados y que se enseñen&#xd;
obligatoriamente en Facultades de Psicología y de Derecho en pre y posgrado y Academia&#xd;
de la magistratura; elaborar un solo Protocolo bajo criterios reforzados de Daubert con&#xd;
selecta comunidad de expertos y revistas especializadas aprobatorias.</subfield>
   </datafield>
   <datafield ind2=" " ind1=" " tag="520">
      <subfield code="a">In Peru, the declaration of minors, presumed victims of sexual abuse, is anticipated&#xd;
evidence with an interview by a forensic psychologist in the Gesell Chamber who screens&#xd;
questions from the parties, presenting reliability problems.&#xd;
That they start from the lack of forensic psychologists, there being no testimony&#xd;
psychologists or Gesell Chambers; the application of two protocols issued by the Public&#xd;
Ministry in 2016 when the Prosecutor and the Judiciary conducted an interview in 2019;&#xd;
In addition, both require the contribution of the Psychology of testimony; of the&#xd;
deferentialism of judges, prosecutors and defense attorneys to interviews without&#xd;
verifying their reliability and with jurisprudence that already refers to it, but must be&#xd;
reinforced with the psychology of testimony. For these reasons, it is proposed that the&#xd;
psychologists of the testimony be the ones who interview the minors in the Gesell&#xd;
Chamber as early evidence, that the current psychologists have a second specialty in&#xd;
Psychology of the testimony; that psychologists, judges, prosecutors and lawyers be&#xd;
trained in the Psychology of testimony and that they be taught in undergraduate and&#xd;
graduate schools of Psychology and Law and in the Academy of the Judiciary; develop&#xd;
a single Protocol under reinforced Daubert criteria with a select community of experts&#xd;
and approving specialized journals.</subfield>
   </datafield>
   <datafield ind1="8" ind2=" " tag="024">
      <subfield code="a">http://hdl.handle.net/10256/21625</subfield>
   </datafield>
   <datafield tag="653" ind2=" " ind1=" ">
      <subfield code="a">Psicologia forense</subfield>
   </datafield>
   <datafield tag="653" ind2=" " ind1=" ">
      <subfield code="a">Forensic psychology</subfield>
   </datafield>
   <datafield tag="653" ind2=" " ind1=" ">
      <subfield code="a">Abús sexual envers els infants</subfield>
   </datafield>
   <datafield tag="653" ind2=" " ind1=" ">
      <subfield code="a">Child sexual abuse</subfield>
   </datafield>
   <datafield tag="653" ind2=" " ind1=" ">
      <subfield code="a">Entrevista en maltractament infantil</subfield>
   </datafield>
   <datafield tag="653" ind2=" " ind1=" ">
      <subfield code="a">Interviewing in child abuse</subfield>
   </datafield>
   <datafield tag="653" ind2=" " ind1=" ">
      <subfield code="a">Interrogatori de testimonis</subfield>
   </datafield>
   <datafield tag="653" ind2=" " ind1=" ">
      <subfield code="a">Examination of witnesses</subfield>
   </datafield>
   <datafield tag="653" ind2=" " ind1=" ">
      <subfield code="a">Sexual abuse victims -- Peru</subfield>
   </datafield>
   <datafield tag="653" ind2=" " ind1=" ">
      <subfield code="a">Víctimes d'abús sexual -- Perú</subfield>
   </datafield>
   <datafield ind2="0" ind1="0" tag="245">
      <subfield code="a">La declaración testifical en cámara Gesell de menores de edad víctimas de delitós sexuales en Perú: Problemas y soluciones</subfield>
   </datafield>
</record></metadata></record></GetRecord></OAI-PMH>